000 00787naa a2200229 4500
001 175623
003 ES-MaBCM
005 20241016192104.0
008 100316s2007 esp|r0p 0 ||spa d
021 _axx
035 _a(OCoLC)1365237214
040 _cES-MaBCM
100 _aFernández de Casadevante Romani, Carlos
_9116917
245 1 0 _aRégimen jurídico internacional de la lucha contra la tortura
_cCarlos Fernández de Casadevante Romaní
504 _aContiene bibliografía
650 2 7 _aTortura
_960464
650 2 7 _aDerechos humanos
_958362
650 2 7 _aConvención ONU
_958122
773 0 _aEn:
_tDerecho internacional de los derechos humanos
_dMadrid : Dilex, [2007]
_w153177
_gp. 299-331 - Loc. 51.049
942 _cAMON
999 _c175623
_d175623
650 0 _aRégimen jurídico
_9126481